[Event "Lynskak-DM 2024"]
[Site "Helsingor"]
[Date "2024.09.01"]
[Round "10.1"]
[White "Bjerre, Jonas Buhl"]
[Black "Wilbrandt, Simon Pil"]
[Result "1-0"]
[WhiteElo "2497"]
[BlackElo "2107"]
[WhiteFideId "1444948"]
[BlackFideId "1436988"]
[EventDate "2024.09.01"]
[EventType "swiss"]
[EventRounds "13"]
[EventCountry "DEN"]
[SourceTitle "Live v. Kasper Jerwiarz"]

1. e4 Nc6 2. Nf3 f5 3. exf5 d5 4. d4 Bxf5 5. Bb5 e6 6. Ne5 Ne7 7. O-O a6 8. Bxc6+ Nxc6 9. Nxc6 bxc6 10. Bf4 Bd6 11. Bg3 O-O 12. Nd2 Rb8 13. b3 c5 14. dxc5 Bxc5 15. Qe2 Rb6 16. Be5 Qg5 17. Kh1 Bg4 18. f3 Bf5 19. Rfe1 Rb4 20. c4 Qg6 21. Bxc7 d4 22. Ne4 Be7 23. Rad1 Rb7 24. Be5 Bb4 25. Rf1 d3 26. Qxd3 Rbf7 27. Rg1 Bxe4 28. Qxe4 Qh5 29. Bg3 Bc5 30. Rgf1 Rf6 31. Qe5 Rf5 32. Qxe6+ Kh8 33. Rd5 Rxd5 34. Qxd5 Rf5 35. Qd3 Qg6 36. Rd1 h6 1-0

[Event "Lynskak-DM 2024"]
[Site "Helsingor"]
[Date "2024.09.01"]
[Round "10.2"]
[White "Hansen, Sune Berg"]
[Black "Saugmann, Frederik Chabert"]
[Result "1-0"]
[WhiteElo "2561"]
[BlackElo "1942"]
[WhiteFideId "1400266"]
[BlackFideId "1476122"]
[EventDate "2024.09.01"]
[EventType "swiss"]
[EventRounds "13"]
[EventCountry "DEN"]
[SourceTitle "Live v. Kasper Jerwiarz"]

1. Nf3 d5 2. g3 Nf6 3. Bg2 c5 4. O-O Nc6 5. d4 Bf5 6. c4 e6 7. cxd5 Nxd5 8. a3 a6 9. dxc5 Bxc5 10. Nbd2 Nf6 11. b4 Ba7 12. Nc4 O-O 13. Nd6 Qc7 14. Nxf5 exf5 15. Bf4 Qd8 16. Ne5 Rc8 17. Nxc6 bxc6 18. Rc1 Nd5 19. Bd2 a5 20. bxa5 Qe7 21. e3 Qxa3 22. Qc2 Ne7 23. Rb1 c5 24. Rb7 1-0

[Event "Lynskak-DM 2024"]
[Site "Helsingor"]
[Date "2024.09.01"]
[Round "10.3"]
[White "Hector, Jonny"]
[Black "Jepson, Christian"]
[Result "1-0"]
[WhiteElo "2403"]
[BlackElo "2356"]
[WhiteFideId "1700090"]
[BlackFideId "1701185"]
[EventDate "2024.09.01"]
[EventType "swiss"]
[EventRounds "13"]
[EventCountry "DEN"]
[SourceTitle "Live v. Kasper Jerwiarz"]

1. e4 d6 2. d4 Nf6 3. Nc3 g6 4. f4 Bg7 5. Nf3 O-O 6. Be2 c5 7. dxc5 Qa5 8. O-O Qxc5+ 9. Kh1 Nc6 10. Bd3 Bg4 11. Qe1 Nb4 12. Be3 Nxd3 13. cxd3 Qb4 14. e5 Nd7 15. Nd5 Qxe1 16. Nxe7+ Kh8 17. Raxe1 Bxf3 18. Rxf3 dxe5 19. f5 Rae8 20. Nd5 e4 21. dxe4 Rxe4 22. f6 Bh6 23. Bf2 Rxe1+ 24. Bxe1 Rc8 25. Bc3 Rc5 26. Rd3 Ne5 27. Rd1 Ng4 28. Kg1 Ne3 29. Nxe3 Bxe3+ 30. Kf1 h5 31. Rd7 Kg8 32. Rxb7 Rf5+ 33. Ke2 Bg1 34. Rb8+ Kh7 35. Rf8 Kh6 36. h4 Kh7 37. Rxf7+ Kg8 38. Rg7+ Kf8 39. Bb4+ Bc5 40. Bxc5+ Rxc5 41. Rxg6 Kf7 42. Rh6 Rc2+ 43. Kf3 Rxb2 44. Rxh5 Rxa2 45. Rf5 a5 46. g4 Ra1 47. g5 a4 48. Ra5 a3 49. Kg4 a2 50. Kh5 1-0

[Event "Lynskak-DM 2024"]
[Site "Helsingor"]
[Date "2024.09.01"]
[Round "10.4"]
[White "Thybo, Jesper Sondergaard"]
[Black "Falkesgaard, Jeppe Hald"]
[Result "1-0"]
[WhiteElo "2380"]
[BlackElo "2194"]
[WhiteFideId "1438832"]
[BlackFideId "1464981"]
[EventDate "2024.09.01"]
[EventType "swiss"]
[EventRounds "13"]
[EventCountry "DEN"]
[SourceTitle "Live v. Kasper Jerwiarz"]

1. Nf3 c5 2. c4 g6 3. d4 cxd4 4. Nxd4 Bg7 5. e4 Nc6 6. Be3 Nf6 7. Nc3 O-O 8. Be2 d6 9. O-O Bd7 10. h3 a6 11. Nf3 Rc8 12. Rc1 Ne5 13. Nxe5 dxe5 14. b4 Bc6 15. Qc2 b5 16. c5 Qc7 17. a4 Qb7 18. axb5 axb5 19. Bd3 Nh5 20. Qe2 Nf4 21. Bxf4 exf4 22. Rfd1 f5 23. exf5 Bxg2 24. fxg6 Bf3 25. Be4 Bxe4 26. Qxe4 Rc6 27. gxh7+ Kh8 28. Kh1 Qc8 29. Rd3 Rh6 30. Qf3 Rxh7 31. Ne4 Qf5 32. Rg1 Rh4 33. Ng5 e5 34. Qe4 Qxe4+ 35. Nxe4 f3 36. Ng5 Rxb4 37. Rxf3 Rxf3 38. Nxf3 Rb3 39. Ng5 Rc3 40. Ne6 Bf6 41. Rg6 Be7 42. Rg7 Bxc5 43. Rf7 Rxh3+ 44. Kg2 Rh6 45. Nxc5 Rc6 46. Ne4 b4 47. Rb7 Rc4 48. f3 Kg8 49. Kg3 Kf8 50. Kg4 Rd4 51. Rb5 Kf7 52. Rxe5 b3 53. Rb5 Rd3 54. Nc5 Rd5 55. Rb7+ Ke8 56. Nxb3 Rd6 57. f4 Kf8 58. Nc5 Rd5 59. Ne6+ Kg8 60. f5 Rd6 61. Kg5 Rd5 62. Kg6 1-0

[Event "Lynskak-DM 2024"]
[Site "Helsingor"]
[Date "2024.09.01"]
[Round "10.5"]
[White "Jorgensen, Dennis"]
[Black "Pedersen, Daniel Vesterbaek"]
[Result "0-1"]
[WhiteElo "2236"]
[BlackElo "2184"]
[WhiteFideId "1408380"]
[BlackFideId "1402161"]
[EventDate "2024.09.01"]
[EventType "swiss"]
[EventRounds "13"]
[EventCountry "DEN"]
[SourceTitle "Live v. Kasper Jerwiarz"]

1. d4 Nf6 2. Nf3 e6 3. e3 g6 4. c4 Bg7 5. Nc3 b6 6. Bd3 Bb7 7. O-O d5 8. b3 O-O 9. Bb2 Nbd7 10. cxd5 Nxd5 11. Nxd5 Bxd5 12. e4 Bb7 13. Qe2 c5 14. Rfd1 cxd4 15. Nxd4 Nc5 16. Bc2 Qh4 17. Nf3 Qf4 18. Bxg7 Kxg7 19. Re1 e5 20. b4 Ne6 21. Bb3 Nd4 22. Nxd4 exd4 23. Rad1 Rfd8 24. Rd3 Ba6 25. Qd2 Qe5 26. Rf3 Rd7 27. a4 Bb7 28. Bc2 Rc8 29. Bd3 Rc3 30. h4 Qd6 31. h5 Qxb4 32. h6+ Kg8 33. Rb1 Qe7 34. Qf4 Rc8 35. Bb5 Rd6 36. e5 Re6 37. Re1 Bxf3 38. gxf3 Rc5 39. Qe4 Rcxe5 0-1

[Event "Lynskak-DM 2024"]
[Site "Helsingor"]
[Date "2024.09.01"]
[Round "10.6"]
[White "Jacobsen, Mikkel Manosri"]
[Black "Larsen, Ole"]
[Result "1-0"]
[WhiteElo "2228"]
[BlackElo "2174"]
[WhiteFideId "1444514"]
[BlackFideId "1402188"]
[EventDate "2024.09.01"]
[EventType "swiss"]
[EventRounds "13"]
[EventCountry "DEN"]
[SourceTitle "Live v. Kasper Jerwiarz"]

1. d4 Nf6 2. Nf3 g6 3. Bf4 Bg7 4. c3 O-O 5. Nbd2 d5 6. e3 b6 7. h4 c5 8. Ne5 Nfd7 9. h5 Nxe5 10. Bxe5 Bxe5 11. dxe5 Nc6 12. f4 Qd7 13. Bd3 Qg4 14. Nf3 Qg3+ 15. Kf1 d4 16. hxg6 hxg6 17. Qe2 dxe3 18. Qxe3 Bg4 19. Be4 Rac8 20. Re1 Na5 21. f5 Bxf3 22. Bxf3 g5 23. Rh3 Qf4 1-0

[Event "Lynskak-DM 2024"]
[Site "Helsingor"]
[Date "2024.09.01"]
[Round "10.7"]
[White "Hoyer, Jacob K"]
[Black "Meskenas, Paulius"]
[Result "0-1"]
[WhiteElo "2192"]
[BlackElo "1998"]
[WhiteFideId "1416316"]
[BlackFideId "12809969"]
[EventDate "2024.09.01"]
[EventType "swiss"]
[EventRounds "13"]
[EventCountry "DEN"]
[SourceTitle "Live v. Kasper Jerwiarz"]

1. d4 Nf6 2. c4 g6 3. Nc3 d5 4. cxd5 Nxd5 5. Nf3 Bg7 6. Qb3 Nxc3 7. bxc3 O-O 8. e3 b6 9. Be2 Bb7 10. O-O Nd7 11. a4 e5 12. a5 exd4 13. cxd4 c5 14. Rd1 cxd4 15. exd4 Qe7 16. Bb5 Rfd8 17. Bf4 Nf6 18. Ne5 Nd5 19. Bg3 Rac8 20. axb6 axb6 21. Ra7 Nc3 22. Re1 Bd5 23. Rxe7 Bxb3 24. Ba6 Ra8 25. Bb7 Ne2+ 26. Kf1 Nxg3+ 27. hxg3 Ra2 28. Nc6 Rf8 29. Re8 Bc4+ 30. Kg1 Bb5 31. Ne7+ Kh8 32. Rxf8+ Bxf8 33. Nd5 Kg7 34. Nxb6 Rd2 35. Rb1 Bd3 36. Rc1 Bf5 37. d5 Ba3 38. Rc3 Bb4 39. Rc4 Bd6 40. Nc8 Be5 41. Ne7 Bd3 42. Rc1 Bd4 43. d6 Bxf2+ 44. Kh2 Bb5 45. Bc6 Bxc6 46. Rxc6 Be3 47. Nc8 Rd5 48. Rc3 Rh5# 0-1

[Event "Lynskak-DM 2024"]
[Site "Helsingor"]
[Date "2024.09.01"]
[Round "10.8"]
[White "Nilssen, Ellen Fredericia"]
[Black "Le Besq, Alexander"]
[Result "1/2-1/2"]
[WhiteElo "2092"]
[BlackElo "2174"]
[WhiteFideId "1441230"]
[BlackFideId "1437089"]
[EventDate "2024.09.01"]
[EventType "swiss"]
[EventRounds "13"]
[EventCountry "DEN"]
[SourceTitle "Live v. Kasper Jerwiarz"]

1. Nf3 Nf6 2. b3 g6 3. Bb2 Bg7 4. e3 O-O 5. c4 c5 6. Be2 Nc6 7. O-O b6 8. Nc3 Bb7 9. Rc1 Rc8 10. Qc2 Qc7 11. Qb1 Qb8 12. Rfd1 Rfd8 13. d4 cxd4 14. Nxd4 Nxd4 15. Rxd4 Qa8 16. Bf1 h5 17. Rd2 Qb8 18. Rcd1 Ng4 19. g3 Ne5 20. Bg2 Nf3+ 21. Bxf3 Bxf3 22. Re1 e6 23. Nb5 d5 24. Bxg7 Kxg7 25. cxd5 Rxd5 26. Nd4 Bg4 27. Qb2 Kh7 28. f3 Bh3 29. e4 Rd7 30. Ne2 Rxd2 31. Qxd2 e5 32. Nc3 Qc7 33. Nd5 Qc5+ 34. Qf2 Be6 35. Qxc5 Rxc5 36. Rd1 Rc2 37. a4 Kg7 38. Rd3 Rc1+ 39. Kg2 Rc2+ 40. Kg1 Bh3 41. Rc3 Rg2+ 42. Kh1 Rf2 43. Ne3 Re2 44. Kg1 Kg8 45. b4 Ra2 46. g4 Rxa4 47. Kf2 hxg4 48. Kg3 Ra1 49. fxg4 Bf1 50. Nc4 Bxc4 51. Rxc4 Ra4 52. Kh4 a5 53. Rc8+ Kg7 54. bxa5 bxa5 55. Ra8 Ra3 56. g5 Ra4 57. Kg3 Rxe4 58. Rxa5 Re1 59. Kf2 Re4 60. Kf3 Rf4+ 61. Kg3 Rf5 62. h4 Kf8 63. Ra7 Kg7 64. Re7 Kf8 65. Ra7 Ke8 66. Rb7 Kd8 67. Ra7 Kc8 68. Re7 Kd8 69. Ra7 Rf1 70. Kg2 Rf4 71. Kg3 Rf5 72. Rb7 Ke8 73. Ra7 Rf4 74. Rb7 Ra4 75. Rc7 Kf8 76. Rb7 Ra8 77. Kg4 Rd8 78. Ra7 Ke8 79. Rb7 Rd7 80. Rb5 Re7 81. Kf3 Kd7 82. Ke4 Kd6 83. Rb6+ Kc5 84. Ra6 Re8 85. Ra7 Kd6 86. Rxf7 Rh8 87. Rf6+ Ke7 88. Rxg6 Rxh4+ 89. Kxe5 Kf7 90. Ra6 Rh1 91. Kf5 Rf1+ 92. Kg4 Rg1+ 93. Kf5 Rf1+ 94. Kg4 Rg1+ 95. Kf4 Rf1+ 96. Ke5 Re1+ 97. Kd4 Rg1 98. g6+ Rxg6 99. Ra7+ Kf6 100. Ra6+ Kg5 101. Rxg6+ 1/2-1/2

[Event "Lynskak-DM 2024"]
[Site "Helsingor"]
[Date "2024.09.01"]
[Round "10.9"]
[White "Larsen, Karsten"]
[Black "Christensen, Janus"]
[Result "1-0"]
[WhiteElo "2181"]
[BlackElo "2143"]
[WhiteFideId "1404288"]
[BlackFideId "1408402"]
[EventDate "2024.09.01"]
[EventType "swiss"]
[EventRounds "13"]
[EventCountry "DEN"]
[SourceTitle "Live v. Kasper Jerwiarz"]

1. d4 Nf6 2. Nf3 e6 3. g3 c5 4. Bg2 Nc6 5. O-O Be7 6. c4 cxd4 7. Nxd4 O-O 8. Nc3 d5 9. cxd5 Nxd5 10. Nxd5 exd5 11. e3 Bf6 12. Nxc6 bxc6 13. Qc2 Qb6 14. Rb1 Ba6 15. Rd1 Rad8 16. b3 Rfe8 17. Bb2 Bxb2 18. Qxb2 Bc8 19. Rbc1 Rd6 20. Qd4 Qa6 21. Rd2 Rf6 22. Rdc2 Bd7 23. Bf1 Qb7 24. Bg2 h6 25. Rc5 Qa6 26. Qd2 Re5 27. Ra5 Qb6 28. Rac5 Ref5 29. f4 Rd6 30. e4 Rh5 31. e5 Rg6 32. Qf2 f6 33. e6 Bxe6 34. Rxc6 Qxf2+ 35. Kxf2 Bg4 36. h4 Kf8 37. Rc7 f5 38. Rc8+ Ke7 39. Bxd5 Rd6 40. R1c7+ Rd7 41. Rxd7+ Kxd7 42. Rg8 Ke7 43. Rxg7+ Kf6 44. Rf7+ Kg6 45. Rxa7 Kf6 46. a4 1-0

[Event "Lynskak-DM 2024"]
[Site "Helsingor"]
[Date "2024.09.01"]
[Round "10.10"]
[White "Pedersen, Gunnar"]
[Black "Simonsen, Jesper"]
[Result "0-1"]
[WhiteElo "2191"]
[BlackElo "2017"]
[WhiteFideId "1407414"]
[BlackFideId "1402226"]
[EventDate "2024.09.01"]
[EventType "swiss"]
[EventRounds "13"]
[EventCountry "DEN"]
[SourceTitle "Live v. Kasper Jerwiarz"]

1. d4 d5 2. c4 e6 3. Nf3 Nf6 4. g3 Be7 5. Bg2 O-O 6. O-O c6 7. Qc2 b6 8. Nbd2 Bb7 9. e4 dxe4 10. Nxe4 Nbd7 11. Rd1 Qc8 12. b3 Nxe4 13. Qxe4 Bf6 14. Bb2 Rd8 15. h4 c5 16. d5 Bxb2 17. Rab1 exd5 18. Qf4 Bf6 19. cxd5 Nf8 20. h5 Rxd5 21. Rxd5 Bxd5 22. Rd1 Ne6 23. Qf5 Bxf3 24. Bxf3 Nd4 0-1

[Event "Lynskak-DM 2024"]
[Site "Helsingor"]
[Date "2024.09.01"]
[Round "11.1"]
[White "Pedersen, Daniel Vesterbaek"]
[Black "Bjerre, Jonas Buhl"]
[Result "0-1"]
[WhiteElo "2184"]
[BlackElo "2497"]
[WhiteFideId "1402161"]
[BlackFideId "1444948"]
[EventDate "2024.09.01"]
[EventType "swiss"]
[EventRounds "13"]
[EventCountry "DEN"]
[SourceTitle "Live v. Kasper Jerwiarz"]

1. e4 c5 2. Nf3 d6 3. d4 cxd4 4. Nxd4 Nf6 5. Nc3 a6 6. Be2 e5 7. Nb3 Be7 8. O-O O-O 9. a4 Nc6 10. Re1 Nb4 11. Bf3 Be6 12. Bg5 Rc8 13. Re2 Nd7 14. Be3 Nb6 15. Nd5 N4xd5 16. exd5 Bf5 17. Na5 Qc7 18. c3 Nd7 19. Nb3 e4 20. Nd4 exf3 21. Nxf5 fxe2 22. Nxe7+ Kh8 23. Qxe2 Rce8 24. Nf5 Nf6 25. Qf3 Ne4 26. Rd1 f6 27. Rd4 Ng5 28. Qh5 Qd7 29. Ng3 Re5 30. Rh4 h6 31. Qg6 Qf7 32. Qd3 Rxd5 33. Qc2 Re8 34. h3 Rde5 35. Kh2 Kg8 36. Bd4 Re1 37. f4 Ne4 38. Nf5 Qg6 39. Nxh6+ Kf8 40. Ng4 Kf7 41. Qb3+ Re6 42. Qxb7+ Re7 43. Qd5+ Re6 44. f5 Qxf5 45. Qxf5 Rh1+ 46. Kxh1 Ng3+ 47. Kh2 Nxf5 48. Rh8 Re2 49. Rb8 Nh4 50. Ne3 f5 51. Rb7+ Ke6 52. Rxg7 f4 53. Nc4 Nf3+ 0-1

[Event "Lynskak-DM 2024"]
[Site "Helsingor"]
[Date "2024.09.01"]
[Round "11.2"]
[White "Hansen, Sune Berg"]
[Black "Hector, Jonny"]
[Result "1-0"]
[WhiteElo "2561"]
[BlackElo "2403"]
[WhiteFideId "1400266"]
[BlackFideId "1700090"]
[EventDate "2024.09.01"]
[EventType "swiss"]
[EventRounds "13"]
[EventCountry "DEN"]
[SourceTitle "Live v. Kasper Jerwiarz"]

1. c4 e5 2. a3 Nf6 3. d3 d5 4. cxd5 Nxd5 5. Nf3 Nc6 6. e4 Nf6 7. Be2 Bg4 8. Be3 Bd6 9. Nbd2 O-O 10. O-O Re8 11. h3 Bh5 12. b4 a6 13. Rc1 Qd7 14. Re1 h6 15. Qb3 Rad8 16. Rc2 Qe6 17. Qxe6 Rxe6 18. Rec1 Nb8 19. Nc4 Bxf3 20. Bxf3 Bf8 21. Be2 Nc6 22. Nd2 Ne8 23. Nb3 Nd4 24. Bxd4 exd4 25. Rc4 Red6 26. e5 R6d7 27. Bg4 Re7 28. f4 f6 29. exf6 Nxf6 30. Rxc7 Nxg4 31. Rxe7 Bxe7 32. hxg4 Bd6 33. g3 g5 34. Rf1 Rf8 35. Nxd4 gxf4 36. Nf5 Bb8 37. gxf4 h5 38. Kg2 hxg4 39. Nh6+ Kg7 40. Nxg4 Rxf4 41. Rxf4 Bxf4 42. a4 b5 43. axb5 axb5 44. Nf2 Bd2 45. Kf3 Bxb4 46. Ke4 Kf6 47. Kd5 Ke7 48. Ne4 Be1 49. Kc5 b4 50. Kc4 Ke6 51. Nc5+ Kd6 52. Nb3 Kc6 53. d4 Kd6 54. Nc5 1-0

[Event "Lynskak-DM 2024"]
[Site "Helsingor"]
[Date "2024.09.01"]
[Round "11.3"]
[White "Meskenas, Paulius"]
[Black "Thybo, Jesper Sondergaard"]
[Result "0-1"]
[WhiteElo "1998"]
[BlackElo "2380"]
[WhiteFideId "12809969"]
[BlackFideId "1438832"]
[EventDate "2024.09.01"]
[EventType "swiss"]
[EventRounds "13"]
[EventCountry "DEN"]
[SourceTitle "Live v. Kasper Jerwiarz"]

1. e4 e5 2. Nf3 Nc6 3. d4 exd4 4. Nxd4 Nf6 5. Nxc6 bxc6 6. e5 Qe7 7. Qe2 Nd5 8. c4 Ba6 9. Qe4 Nb6 10. Nc3 g6 11. Be3 Bg7 12. c5 Bxe5 13. O-O-O Bxf1 14. Rhxf1 Nd5 15. Nxd5 cxd5 16. Qxd5 O-O 17. Qxd7 Qf6 18. Bd4 Qf4+ 19. Be3 Qc4+ 20. Kb1 Rab8 21. Bd4 Rfd8 22. b3 Rxd7 0-1

[Event "Lynskak-DM 2024"]
[Site "Helsingor"]
[Date "2024.09.01"]
[Round "11.4"]
[White "Wilbrandt, Simon Pil"]
[Black "Jepson, Christian"]
[Result "1/2-1/2"]
[WhiteElo "2107"]
[BlackElo "2356"]
[WhiteFideId "1436988"]
[BlackFideId "1701185"]
[EventDate "2024.09.01"]
[EventType "swiss"]
[EventRounds "13"]
[EventCountry "DEN"]
[SourceTitle "Live v. Kasper Jerwiarz"]

1. d4 Nf6 2. c4 e6 3. Nc3 d5 4. cxd5 exd5 5. Bg5 Be7 6. e3 c6 7. Bd3 Nbd7 8. f3 Nh5 9. Bxe7 Qxe7 10. Qd2 Nf4 11. e4 Nxd3+ 12. Qxd3 Nb6 13. e5 g6 14. Nge2 Bf5 15. Qe3 Nc4 16. Qc1 f6 17. f4 O-O 18. O-O fxe5 19. fxe5 Qh4 20. b3 Nb6 21. Qe3 a5 22. a4 Bc2 23. Qd2 Be4 24. Ng3 Bf5 25. Nxf5 Rxf5 26. Rxf5 gxf5 27. Rf1 Rf8 28. Qf4 Qxf4 29. Rxf4 Nd7 30. Nd1 Kg7 31. Ne3 Kg6 32. e6 Nb6 33. e7 Re8 34. Nxf5 Nc8 35. Rf3 Nxe7 36. Nxe7+ Rxe7 37. Kf2 Re4 38. Rg3+ Kf7 39. Rf3+ Kg6 40. Rg3+ Kf6 41. Rf3+ Kg6 42. Rg3+ Kf6 43. Rf3+ Kg6 44. Rg3+ 1/2-1/2

[Event "Lynskak-DM 2024"]
[Site "Helsingor"]
[Date "2024.09.01"]
[Round "11.5"]
[White "Saugmann, Frederik Chabert"]
[Black "Jacobsen, Mikkel Manosri"]
[Result "0-1"]
[WhiteElo "1942"]
[BlackElo "2228"]
[WhiteFideId "1476122"]
[BlackFideId "1444514"]
[EventDate "2024.09.01"]
[EventType "swiss"]
[EventRounds "13"]
[EventCountry "DEN"]
[SourceTitle "Live v. Kasper Jerwiarz"]

1. d4 d5 2. c4 e6 3. Nf3 a6 4. cxd5 exd5 5. Bg5 Be7 6. Bxe7 Nxe7 7. Nc3 Bf5 8. e3 O-O 9. Bd3 c6 10. O-O Nd7 11. Qc2 Bxd3 12. Qxd3 Re8 13. Rfe1 Nc8 14. e4 dxe4 15. Rxe4 Nd6 16. Rxe8+ Qxe8 17. Re1 Qf8 18. Ne5 Rd8 19. Qh3 Qe7 20. Nf3 Qf6 21. Qg4 h6 22. h3 Nf8 23. Ne4 Nxe4 24. Qxe4 Ne6 25. Rd1 Rd5 26. b4 g6 27. a3 Kg7 28. Rd3 Ng5 29. Nxg5 Qxg5 30. Qe3 Qd8 31. f4 a5 32. Kf2 axb4 33. axb4 Qd6 34. Kf3 b6 35. Qe8 Rf5 36. g3 Rb5 37. Rc3 Qxd4 38. Qxc6 Rxb4 39. Re3 Rb2 40. Qe8 Qd1+ 41. Ke4 Rb4+ 42. Ke5 Qd4# 0-1

[Event "Lynskak-DM 2024"]
[Site "Helsingor"]
[Date "2024.09.01"]
[Round "11.6"]
[White "Falkesgaard, Jeppe Hald"]
[Black "Nilssen, Ellen Fredericia"]
[Result "1/2-1/2"]
[WhiteElo "2194"]
[BlackElo "2092"]
[WhiteFideId "1464981"]
[BlackFideId "1441230"]
[EventDate "2024.09.01"]
[EventType "swiss"]
[EventRounds "13"]
[EventCountry "DEN"]
[SourceTitle "Live v. Kasper Jerwiarz"]

1. c4 c5 2. g3 g6 3. Bg2 Bg7 4. Nc3 Nc6 5. Nf3 e6 6. O-O Nge7 7. a3 O-O 8. Rb1 a5 9. Nb5 d6 10. d4 b6 11. Bf4 e5 12. dxe5 dxe5 13. Qxd8 Rxd8 14. Nxe5 Nxe5 15. Bxe5 Bxe5 16. Bxa8 Bf5 17. e4 Bh3 18. Bd5 Bxf1 19. Kxf1 Kg7 20. b4 axb4 21. axb4 f5 22. bxc5 bxc5 23. Rb3 fxe4 24. Bxe4 Ng8 25. Nc3 Nf6 26. Bc2 Rd2 27. Bb1 Bd4 28. Ne2 Ng4 29. Nxd4 cxd4 30. h3 Nxf2 31. Rf3 Nxh3 32. Rd3 Rb2 33. Rd1 Ng5 34. Bd3 Ne6 35. Be2 Rc2 36. Bg4 Kf6 37. Bxe6 Kxe6 38. Rxd4 Ke5 39. Rh4 h5 40. Rf4 Rc3 41. Kg2 Rc2+ 42. Kh3 Rc3 43. Rh4 Kf5 44. Rd4 Ke5 45. Rd5+ Ke6 46. Rc5 Kf6 47. Kh4 g5+ 48. Kxh5 Rxg3 49. Rc6+ Kf5 50. Rc5+ Kf6 51. Rc8 Rh3+ 52. Kg4 Rh4+ 53. Kg3 Rd4 54. c5 Rc4 55. c6 Ke7 56. Rg8 Rxc6 57. Rxg5 Kf7 58. Rf5+ Rf6 59. Rxf6+ Kxf6 1/2-1/2

[Event "Lynskak-DM 2024"]
[Site "Helsingor"]
[Date "2024.09.01"]
[Round "11.7"]
[White "Simonsen, Jesper"]
[Black "Larsen, Karsten"]
[Result "0-1"]
[WhiteElo "2017"]
[BlackElo "2181"]
[WhiteFideId "1402226"]
[BlackFideId "1404288"]
[EventDate "2024.09.01"]
[EventType "swiss"]
[EventRounds "13"]
[EventCountry "DEN"]
[SourceTitle "Live v. Kasper Jerwiarz"]

1. d4 d5 2. Nf3 Nf6 3. Bf4 e6 4. e3 Be7 5. c3 Nh5 6. Nbd2 Nxf4 7. exf4 c5 8. Bd3 Nc6 9. O-O cxd4 10. Nxd4 Nxd4 11. cxd4 O-O 12. Qf3 Qb6 13. Nb3 Bf6 14. Rad1 a5 15. Qe3 Bd7 16. Nc5 Bb5 17. Bxb5 Qxb5 18. b3 b6 19. Na4 Rfc8 20. Rc1 Qb4 21. Rfd1 Rxc1 22. Rxc1 Bxd4 23. Qd3 Bc5 24. g3 g6 25. h4 h5 26. a3 Qxa3 27. Qc2 Rc8 28. Nxb6 Qxc1+ 29. Qxc1 Bxf2+ 0-1

[Event "Lynskak-DM 2024"]
[Site "Helsingor"]
[Date "2024.09.01"]
[Round "11.8"]
[White "Le Besq, Alexander"]
[Black "Hove, Esben Kjems"]
[Result "0-1"]
[WhiteElo "2174"]
[BlackElo "2160"]
[WhiteFideId "1437089"]
[BlackFideId "1401505"]
[EventDate "2024.09.01"]
[EventType "swiss"]
[EventRounds "13"]
[EventCountry "DEN"]
[SourceTitle "Live v. Kasper Jerwiarz"]

1. e4 c6 2. d4 d5 3. exd5 cxd5 4. Nf3 Nc6 5. Bb5 a6 6. Bxc6+ bxc6 7. Ne5 Qb6 8. Nc3 Nf6 9. O-O Bf5 10. Na4 Qb5 11. Nc5 e6 12. a4 Qb6 13. b4 Bd6 14. Bf4 Qc7 15. Re1 O-O 16. a5 Ne4 17. h3 Rfb8 18. Bd2 Bxe5 19. dxe5 Nxc5 20. bxc5 Rb2 21. g4 Bg6 22. c4 dxc4 23. Qe2 c3 24. Red1 Rxd2 25. Rxd2 cxd2 26. Qxd2 Qxe5 27. Rd1 h6 28. Qd6 Qc3 29. Qxc6 Rb8 30. Qd6 Rb2 31. c6 Qxh3 32. Qf4 0-1

[Event "Lynskak-DM 2024"]
[Site "Helsingor"]
[Date "2024.09.01"]
[Round "11.9"]
[White "Christensen, Janus"]
[Black "Jorgensen, Dennis"]
[Result "0-1"]
[WhiteElo "2143"]
[BlackElo "2236"]
[WhiteFideId "1408402"]
[BlackFideId "1408380"]
[EventDate "2024.09.01"]
[EventType "swiss"]
[EventRounds "13"]
[EventCountry "DEN"]
[SourceTitle "Live v. Kasper Jerwiarz"]

1. e4 c6 2. d4 d5 3. e5 Bf5 4. h4 h6 5. Nc3 e6 6. Bd3 Ne7 7. Nge2 a6 8. Ng3 Bxd3 9. Qxd3 c5 10. Nce2 Nec6 11. Be3 cxd4 12. Bxd4 Nd7 13. f4 Qc7 14. O-O-O O-O-O 15. h5 Kb8 16. Kb1 Rc8 17. c3 Nc5 18. Qe3 Na5 19. b3 Qc6 20. f5 Qb5 21. Bxc5 Bxc5 22. Qd3 Qb6 23. fxe6 fxe6 24. Nf4 Nxb3 25. Kc2 Na5 26. Rb1 Qc6 27. Qg6 Qa4+ 28. Kb2 Qxf4 29. Ka1 Bf2 30. Ne2 Qxe5 31. Qf7 Be3 32. Qd7 Rc7 33. Qa4 Rc5 34. Rb2 Rhc8 35. Rhb1 R8c7 36. Qe8+ Ka7 37. Nd4 Bxd4 38. cxd4 Qxd4 39. Qxe6 Nb3+ 40. axb3 Ra5# 0-1

[Event "Lynskak-DM 2024"]
[Site "Helsingor"]
[Date "2024.09.01"]
[Round "11.10"]
[White "Larsen, Ole"]
[Black "Hoyer, Jacob K"]
[Result "0-1"]
[WhiteElo "2174"]
[BlackElo "2192"]
[WhiteFideId "1402188"]
[BlackFideId "1416316"]
[EventDate "2024.09.01"]
[EventType "swiss"]
[EventRounds "13"]
[EventCountry "DEN"]
[SourceTitle "Live v. Kasper Jerwiarz"]

1. e4 c5 2. Nf3 d6 3. d4 cxd4 4. Nxd4 Nf6 5. Nc3 a6 6. Bg5 e6 7. f4 h6 8. Bh4 Be7 9. Qf3 Nc6 10. O-O-O Bd7 11. g4 Nxd4 12. Rxd4 Qc7 13. Bg2 Bc6 14. Re1 b5 15. Bg3 Rc8 16. Kb1 a5 17. Qe2 b4 18. Nd5 exd5 19. exd5 Nxd5 20. Bxd5 Bxd5 21. Rxd5 O-O 22. f5 Rfd8 23. h4 Bf6 24. Bf4 Qc4 25. Qxc4 Rxc4 26. Rxd6 Rxf4 27. Rxd8+ Bxd8 28. a3 Bxh4 29. Re8+ Kh7 30. axb4 axb4 31. Rf8 Rxg4 32. Rxf7 Bf6 33. c4 Rxc4 0-1

[Event "Lynskak-DM 2024"]
[Site "Helsingor"]
[Date "2024.09.01"]
[Round "12.1"]
[White "Larsen, Karsten"]
[Black "Bjerre, Jonas Buhl"]
[Result "0-1"]
[WhiteElo "2181"]
[BlackElo "2497"]
[WhiteFideId "1404288"]
[BlackFideId "1444948"]
[EventDate "2024.09.01"]
[EventType "swiss"]
[EventRounds "13"]
[EventCountry "DEN"]
[SourceTitle "Live v. Kasper Jerwiarz"]

1. e4 c5 2. Nf3 d6 3. Bb5+ Nd7 4. c3 Nf6 5. Qe2 a6 6. Ba4 g6 7. O-O b5 8. Bc2 Bb7 9. d4 Bg7 10. Re1 e5 11. d5 O-O 12. Nbd2 Qc7 13. Nf1 c4 14. h3 Nh5 15. Nh4 Nf4 16. Qf3 Qd8 17. Qg3 Nh5 18. Qg4 Ndf6 19. Qf3 Nxd5 20. Nf5 Ne7 21. Nxg7 Nxg7 22. g4 f6 23. Rd1 Ne6 24. Be3 Qc7 25. Qg2 Rad8 26. Ng3 d5 27. exd5 Nxd5 28. Be4 Ndf4 29. Qf3 Ng5 0-1

[Event "Lynskak-DM 2024"]
[Site "Helsingor"]
[Date "2024.09.01"]
[Round "12.2"]
[White "Jacobsen, Mikkel Manosri"]
[Black "Hansen, Sune Berg"]
[Result "1-0"]
[WhiteElo "2228"]
[BlackElo "2561"]
[WhiteFideId "1444514"]
[BlackFideId "1400266"]
[EventDate "2024.09.01"]
[EventType "swiss"]
[EventRounds "13"]
[EventCountry "DEN"]
[SourceTitle "Live v. Kasper Jerwiarz"]

1. c4 g6 2. g3 Bg7 3. Bg2 d6 4. Nc3 e5 5. d3 Nf6 6. Nf3 O-O 7. O-O Nc6 8. Rb1 a5 9. a3 h6 10. b4 axb4 11. axb4 Be6 12. b5 Ne7 13. e4 Nd7 14. Nd5 Bg4 15. h3 Bxf3 16. Bxf3 Nc5 17. Be3 Ne6 18. Bg4 Nd4 19. h4 Nxd5 20. cxd5 h5 21. Bh3 Ra3 22. Bxd4 exd4 23. Rb3 Qa8 24. b6 cxb6 25. Rxb6 Rd8 26. Qb1 Ra7 27. Rc1 Bh6 28. Rd1 Qb8 29. Qb4 Qc7 30. Qxd4 Ra2 31. Rdb1 Bg7 32. Qe3 Qc3 33. R6b3 Qa5 1-0